[Event "13e Festival CG Meurthe et Moselle"]
[Site "Nancy"]
[Date "2015.02.21"]
[Round "7.3"]
[White "Bauer, Christian"]
[Black "Arun Prasad, S.."]
[Result "1-0"]
[WhiteElo "2700"]
[BlackElo "2486"]
[PlyCount "47"]
[EventDate "2015.02.21"]
[EventType "swiss (blitz)"]
[EventRounds "11"]
[EventCountry "FRA"]

1. d4 Nf6 2. Bf4 c5 3. e3 Nd5 4. Bg3 Qb6 5. b3 cxd4 6. exd4 e6 7. c3 Nc6 8. Nf3
Be7 9. Bd3 Nf6 10. O-O d6 11. Nbd2 O-O 12. Nc4 Qd8 13. h3 h6 14. a4 Nd5 15. Rc1
b6 16. Ne3 Nf6 17. d5 exd5 18. Bb5 Bb7 19. Nf5 a6 20. Bxc6 Bxc6 21. Re1 Re8 22.
N3d4 Bb7 23. Bh4 Rc8 24. Rxe7 1-0

[Event "13e Festival CG Meurthe et Moselle"]
[Site "Nancy"]
[Date "2015.02.21"]
[Round "7.4"]
[White "Shchekachev, Andrei"]
[Black "Cappon, John"]
[Result "1/2-1/2"]
[WhiteElo "2600"]
[BlackElo "2190"]
[PlyCount "53"]
[EventDate "2015.02.21"]
[EventType "swiss (blitz)"]
[EventRounds "11"]
[EventCountry "FRA"]

1. Nf3 e6 2. c4 Nf6 3. Nc3 b6 4. e4 d6 5. d4 Bb7 6. Bd3 Nbd7 7. O-O e5 8. d5
Be7 9. Re1 Nf8 10. Bc2 Bc8 11. Ba4+ Bd7 12. Nh4 g6 13. Nf3 h5 14. h3 N8h7 15.
Bh6 Bxa4 16. Qxa4+ Qd7 17. Qc2 Rg8 18. Bd2 g5 19. Nh2 g4 20. Kh1 gxh3 21. g3
Ng4 22. Re2 Ng5 23. Bxg5 Rxg5 24. Nf3 Rg6 25. Qa4 Qxa4 26. Nxa4 Rf6 27. Ng1
1/2-1/2

[Event "13e Festival CG Meurthe et Moselle"]
[Site "Nancy"]
[Date "2015.02.21"]
[Round "7.5"]
[White "Karagyozian, Edgar"]
[Black "Tkachiev, Vladislav"]
[Result "0-1"]
[WhiteElo "2480"]
[BlackElo "2600"]
[PlyCount "160"]
[EventDate "2015.02.21"]
[EventType "swiss (blitz)"]
[EventRounds "11"]
[EventCountry "FRA"]

1. d4 Nf6 2. Nf3 g6 3. Nbd2 Bg7 4. e4 d6 5. Bd3 O-O 6. O-O Nc6 7. d5 Nb4 8. Bc4
c6 9. dxc6 Nxc6 10. c3 a6 11. Re1 b5 12. Bb3 Bb7 13. Qe2 Qc7 14. Nf1 Rfc8 15.
Ng3 Na5 16. Bg5 Nxb3 17. axb3 h6 18. Bxf6 Bxf6 19. b4 Bc6 20. Qe3 Bg7 21. e5
dxe5 22. Nxe5 Bd5 23. Nd3 e6 24. Ne4 a5 25. bxa5 Rxa5 26. Nb4 Rxa1 27. Rxa1 Ra8
28. Rxa8+ Bxa8 29. h3 Qd7 30. Qe2 Qb7 31. f3 Qa7+ 32. Qf2 Qa1+ 33. Kh2 Bxe4 34.
fxe4 Be5+ 35. g3 Qb1 36. Qe2 Bc7 37. Qg2 h5 38. h4 g5 39. hxg5 h4 40. Kh3 hxg3
41. Nc6 Qd1 42. Kh4 Bf4 43. Nd4 Be5 44. Nf3 Bf4 45. Nd4 Bd6 46. Qf3 Qd2 47. Ne2
Qe1 48. Nxg3 Qg1 49. Kh3 Bxg3 50. Qxg3 Qh1+ 51. Kg4 Qxe4+ 52. Kh3 Qf5+ 53. Kh2
Qc2+ 54. Qg2 Qd3 55. Qg3 Qd2+ 56. Qg2 Qe3 57. Qg3 Qe4 58. Qg2 Qh4+ 59. Kg1 Kg7
60. b4 Qe1+ 61. Qf1 Qxc3 62. Qxb5 e5 63. Qd5 Qg3+ 64. Kf1 Qf4+ 65. Kg1 e4 66.
Qd4+ Kg6 67. b5 Qg3+ 68. Kh1 Qh3+ 69. Kg1 Qg3+ 70. Kh1 Qe1+ 71. Kg2 Qe2+ 72.
Qf2 Qg4+ 73. Kh1 Qh5+ 74. Qh2 Qd1+ 75. Qg1 Qh5+ 76. Qh2 Qf3+ 77. Qg2 Qd1+ 78.
Kh2 Qd6+ 79. Qg3 Qd2+ 80. Qg2 e3 0-1

[Event "13e Festival CG Meurthe et Moselle"]
[Site "Nancy"]
[Date "2015.02.21"]
[Round "7.6"]
[White "Minko, Vladimir"]
[Black "Gopal, G.N.."]
[Result "1/2-1/2"]
[WhiteElo "2180"]
[BlackElo "2538"]
[PlyCount "170"]
[EventDate "2015.02.21"]
[EventType "swiss (blitz)"]
[EventRounds "11"]
[EventCountry "FRA"]

1. d4 Nf6 2. c4 g6 3. Nf3 Bg7 4. g3 c5 5. d5 d6 6. Nc3 O-O 7. Bg2 e6 8. O-O
exd5 9. cxd5 Re8 10. h3 a6 11. a4 Ne4 12. Nxe4 Rxe4 13. Nd2 Rb4 14. Qc2 Nd7 15.
Nc4 Ne5 16. Ne3 b5 17. axb5 Rxb5 18. f4 Nd7 19. Kh2 Nb6 20. Ra2 Bb7 21. f5 Qe7
22. Ng4 Nd7 23. Kh1 Re8 24. f6 Qxe2 25. Qxe2 Rxe2 26. fxg7 Rxg2 27. Nh6+ Kxg7
28. Rxf7+ Kh8 29. Kxg2 Bxd5+ 30. Kf2 Ne5 31. Rxa6 Nxf7 32. Nxf7+ Bxf7 33. Rxd6
Kg7 34. Rd7 Kf8 35. Ra7 c4 36. Bh6+ Ke8 37. Bg7 Bd5 38. Bc3 Bb7 39. Ke3 h5 40.
Kd4 Bd5 41. Ra5 Rxa5 42. Bxa5 Bf7 43. Bc3 Ke7 44. Ke5 Be6 45. h4 Kd7 46. Bd2
Bf5 47. Bc3 Kc6 48. Kd4 Kb5 49. Kd5 Bc2 50. Ke5 Ka4 51. Kf6 Kb3 52. Kg7 Bd3 53.
Kh8 Kc2 54. Kg8 Kd1 55. Be5 Ke2 56. Kg7 Kf3 57. Kf6 Kg4 58. Bf4 Bc2 59. Ke5 Kf3
60. Kd4 Bb3 61. Kc3 Ke2 62. Kb4 Kd3 63. Kc5 Ba2 64. Bh6 Ke2 65. Bg7 Kf3 66. Kb4
Kxg3 67. Bf6 Bb3 68. Kc3 Kf3 69. Bg5 Ba2 70. Bd8 Kf4 71. Bg5+ Kf5 72. Kd2 Bb1
73. Kc3 Ba2 74. Kd2 Bb3 75. Kc3 Kg4 76. Kd2 Ba4 77. Kc3 Bb3 78. Kd2 Kf3 79. Kc3
Ke2 80. Bf6 Ba2 81. Bg5 Kf3 82. Bf6 Ke4 83. Bg5 Bb3 84. Bf6 Kf5 85. Bg5 Kg4
1/2-1/2

[Event "13e Festival CG Meurthe et Moselle"]
[Site "Nancy"]
[Date "2015.02.21"]
[Round "7.9"]
[White "Yankelevich, Lev"]
[Black "Leconte, Jean-Olivier"]
[Result "1-0"]
[WhiteElo "2206"]
[BlackElo "2400"]
[PlyCount "95"]
[EventDate "2015.02.21"]
[EventType "swiss (blitz)"]
[EventRounds "11"]
[EventCountry "FRA"]

1. e4 e6 2. d4 d5 3. Nc3 Nf6 4. Bg5 Bb4 5. e5 h6 6. Be3 Ne4 7. Qg4 g6 8. Bd3
Bxc3+ 9. bxc3 Nxc3 10. h4 c5 11. dxc5 Nc6 12. Nf3 d4 13. Bd2 Qe7 14. Nxd4 Nxe5
15. Qg3 Nxd3+ 16. Qxd3 Nd5 17. h5 g5 18. Nb5 Qxc5 19. c4 Nb4 20. Qc3 O-O 21.
Be3 Qe7 22. O-O Nc6 23. f4 g4 24. f5 exf5 25. Bxh6 f6 26. Bxf8 Qxf8 27. Rae1
Ne5 28. Nc7 Qc5+ 29. Qe3 Qxc7 30. Qh6 Qg7 31. Qf4 Bd7 32. h6 Qg6 33. c5 Bc6 34.
Rd1 Re8 35. Rd6 Nf7 36. Rd4 Be4 37. Rd7 Ng5 38. Rg7+ Qxg7 39. hxg7 Kxg7 40. Rd1
Bc6 41. Rd2 Re1+ 42. Kf2 Re4 43. Qb8 Re8 44. Qf4 Ne4+ 45. Kf1 Nxd2+ 46. Qxd2
Re4 47. Qd6 Re5 48. Qf8+ 1-0

[Event "13e Festival CG Meurthe et Moselle"]
[Site "Nancy"]
[Date "2015.02.21"]
[Round "8.1"]
[White "Feller, Sebastien"]
[Black "Fedorchuk, Sergey A."]
[Result "1/2-1/2"]
[WhiteElo "2660"]
[BlackElo "2730"]
[PlyCount "123"]
[EventDate "2015.02.21"]
[EventType "swiss (blitz)"]
[EventRounds "11"]
[EventCountry "FRA"]

1. d4 Nf6 2. c4 e6 3. Nf3 b6 4. g3 Bb4+ 5. Bd2 a5 6. Bg2 Bb7 7. O-O O-O 8. Bf4
Be7 9. Re1 Qc8 10. Nc3 Ne4 11. Ne5 Nxc3 12. bxc3 Bxg2 13. Kxg2 d6 14. Nf3 a4
15. e4 Nd7 16. e5 dxe5 17. Nxe5 Nxe5 18. Bxe5 Bd6 19. Qg4 Bxe5 20. Rxe5 Qa6 21.
Qe2 Rad8 22. a3 c5 23. dxc5 bxc5 24. Rxc5 Qb7+ 25. Kg1 Qb3 26. Rb5 Qxc3 27.
Rbb1 Rd2 28. Qe1 h6 29. Ra2 Rfd8 30. Rxd2 Rxd2 31. Rb8+ Kh7 32. Qe4+ g6 33. Qf4
Rd7 34. Kg2 Kg7 35. Ra8 Qb2 36. Qb8 Qxb8 37. Rxb8 Rd3 38. c5 Rxa3 39. c6 Rc3
40. Ra8 Rxc6 41. Rxa4 g5 42. g4 Kg6 43. h3 Rc3 44. Ra8 Kg7 45. Ra7 Rc5 46. Rb7
Rd5 47. Ra7 Rd4 48. Rb7 h5 49. Kg3 h4+ 50. Kg2 Kg6 51. Rb8 f5 52. Rg8+ Kf6 53.
gxf5 exf5 54. Ra8 Rd2 55. Ra6+ Ke5 56. Ra5+ Ke4 57. Ra4+ Rd4 58. Ra8 Kf4 59.
Rf8 Rd2 60. Rh8 Ke4 61. Rg8 Kf4 62. Rh8 1/2-1/2

[Event "13e Festival CG Meurthe et Moselle"]
[Site "Nancy"]
[Date "2015.02.21"]
[Round "8.2"]
[White "Tkachiev, Vladislav"]
[Black "Bauer, Christian"]
[Result "1/2-1/2"]
[WhiteElo "2600"]
[BlackElo "2700"]
[PlyCount "36"]
[EventDate "2015.02.21"]
[EventType "swiss (blitz)"]
[EventRounds "11"]
[EventCountry "FRA"]

1. Nf3 c5 2. c4 Nc6 3. Nc3 g6 4. e3 Bg7 5. d4 b6 6. Be2 Nf6 7. O-O cxd4 8. exd4
O-O 9. d5 Na5 10. Be3 Ba6 11. b3 Rc8 12. Rc1 e6 13. Bd4 Re8 14. Re1 Bh6 15. Rc2
Nh5 16. Ne4 d6 17. dxe6 Rxe6 18. Bf1 Bb7 1/2-1/2

[Event "13e Festival CG Meurthe et Moselle"]
[Site "Nancy"]
[Date "2015.02.21"]
[Round "8.3"]
[White "Guliyev, Namig"]
[Black "Shchekachev, Andrei"]
[Result "1/2-1/2"]
[WhiteElo "2520"]
[BlackElo "2600"]
[PlyCount "63"]
[EventDate "2015.02.21"]
[EventType "swiss (blitz)"]
[EventRounds "11"]
[EventCountry "FRA"]

1. e4 d6 2. d4 Nf6 3. Nc3 g6 4. Nf3 Bg7 5. Be2 O-O 6. Be3 Nc6 7. O-O e5 8. dxe5
dxe5 9. h3 Qxd1 10. Rfxd1 h6 11. Nd2 Nd4 12. Bd3 Be6 13. Ne2 Nxe2+ 14. Bxe2
Rfd8 15. a4 a6 16. f3 Nh5 17. Kf2 Bf6 18. g3 Bg5 19. Bxg5 hxg5 20. Nc4 Bxc4 21.
Bxc4 a5 22. c3 Nf6 23. Bb3 Kf8 24. Ke3 Ke7 25. Bc4 Rxd1 26. Rxd1 Rh8 27. Bf1 b6
28. b4 Ra8 29. Bb5 Rh8 30. Bf1 Ra8 31. Bb5 Rh8 32. Bf1 1/2-1/2

[Event "13e Festival CG Meurthe et Moselle"]
[Site "Nancy"]
[Date "2015.02.21"]
[Round "8.4"]
[White "Cappon, John"]
[Black "Gopal, G.N.."]
[Result "0-1"]
[WhiteElo "2190"]
[BlackElo "2538"]
[PlyCount "108"]
[EventDate "2015.02.21"]
[EventType "swiss (blitz)"]
[EventRounds "11"]
[EventCountry "FRA"]

1. e4 c5 2. d4 cxd4 3. c3 Nf6 4. e5 Nd5 5. Qxd4 e6 6. Nf3 Nc6 7. Qe4 f5 8. exf6
Nxf6 9. Qc2 Be7 10. Bd3 O-O 11. O-O b6 12. Bg5 h6 13. Bh4 Bb7 14. Nbd2 Nh5 15.
Bg3 Rc8 16. Qd1 Qe8 17. Qe2 Qf7 18. Rad1 Rcd8 19. Nc4 Nf4 20. Qe4 Nxd3 21. Qxd3
Ba6 22. b3 Qh5 23. Qe2 Kh8 24. Rfe1 Bf6 25. Qe3 Bxc4 26. bxc4 Na5 27. Bd6 Nxc4
28. Qe4 Nxd6 29. Rxd6 Bxc3 30. Red1 Qf5 31. Qc4 Be5 32. Rxd7 Rxd7 33. Rxd7 Bb8
34. Rd1 e5 35. Re1 Qf6 36. Qe4 Rd8 37. Nh4 Rd4 38. Ng6+ Kh7 39. Qb7 Bd6 40. f4
Qxg6 41. fxe5 Bc5 42. Kh1 Qe6 43. Qf3 a5 44. Qe2 a4 45. Qc2+ Qg6 46. Qe2 Qe6
47. Qc2+ Kg8 48. Rf1 Rd8 49. Qe4 a3 50. h3 Rf8 51. Rd1 Kh8 52. Rd3 Qxa2 53. e6
Qb1+ 54. Kh2 Bd6+ 0-1

[Event "13e Festival CG Meurthe et Moselle"]
[Site "Nancy"]
[Date "2015.02.21"]
[Round "8.6"]
[White "Le Ruyet, Leopold"]
[Black "Minko, Vladimir"]
[Result "1/2-1/2"]
[WhiteElo "2410"]
[BlackElo "2180"]
[PlyCount "93"]
[EventDate "2015.02.21"]
[EventType "swiss (blitz)"]
[EventRounds "11"]
[EventCountry "FRA"]

1. Nf3 c5 2. g3 Nc6 3. Bg2 g6 4. d4 cxd4 5. Nxd4 Bg7 6. Nb3 Nf6 7. c4 d6 8. O-O
O-O 9. Nc3 Be6 10. c5 Ne8 11. cxd6 Nxd6 12. Nc5 Bc8 13. Qa4 Qb6 14. Be3 Qxb2
15. Nd5 Qb5 16. Nc7 Qxa4 17. Nxa4 Rb8 18. Rab1 Bf5 19. Rbc1 Rbc8 20. Nd5 e6 21.
Rxc6 bxc6 22. Ne7+ Kh8 23. Nxc8 Rxc8 24. Rc1 a6 25. Rxc6 Rxc6 26. Bxc6 Be4 27.
Bxe4 Nxe4 28. f3 Nc3 29. Nxc3 Bxc3 30. Bh6 Kg8 31. Kf2 Bd4+ 32. e3 Bc5 33. Ke2
f5 34. Kd3 Kf7 35. Kc4 Bd6 36. e4 Ke7 37. Be3 Kd7 38. Bd4 Kc6 39. a4 Be7 40.
Be5 Bc5 41. h3 Bf2 42. g4 Be3 43. exf5 exf5 44. Kd3 Bc5 45. Kc4 Be3 46. Kd3 Bc5
47. Kc4 1/2-1/2

[Event "13e Festival CG Meurthe et Moselle"]
[Site "Nancy"]
[Date "2015.02.21"]
[Round "8.8"]
[White "Dobrov, Vladimir"]
[Black "Andriasian, Siranush"]
[Result "1-0"]
[WhiteElo "2603"]
[BlackElo "2228"]
[PlyCount "52"]
[EventDate "2015.02.21"]
[EventType "swiss (blitz)"]
[EventRounds "11"]
[EventCountry "FRA"]

1. Nf3 d5 2. c4 e6 3. b3 Nf6 4. Bb2 Bd6 5. e3 c5 6. cxd5 exd5 7. Bb5+ Bd7 8.
Bxd7+ Nbxd7 9. O-O O-O 10. d4 Qe7 11. dxc5 Nxc5 12. Nc3 Rfd8 13. Rc1 Nce4 14.
Nb5 Bb8 15. Ba3 Qd7 16. Nbd4 a6 17. h3 Bd6 18. Bxd6 Qxd6 19. Qc2 g6 20. Rfd1
Qb4 21. Ne2 Rac8 22. Qxc8 Rxc8 23. Rxc8+ Kg7 24. Rc7 Nd6 25. Nf4 Nb5 26. Rxb7
Qa3 1-0

[Event "13e Festival CG Meurthe et Moselle"]
[Site "Nancy"]
[Date "2015.02.21"]
[Round "8.9"]
[White "Arun Prasad, S.."]
[Black "Pucher, Sebastien"]
[Result "1-0"]
[WhiteElo "2486"]
[BlackElo "2210"]
[PlyCount "77"]
[EventDate "2015.02.21"]
[EventType "swiss (blitz)"]
[EventRounds "11"]
[EventCountry "FRA"]

1. g3 e5 2. c4 Nf6 3. Bg2 c6 4. d4 d6 5. Nc3 Nbd7 6. e3 g6 7. Nge2 Bg7 8. O-O
O-O 9. Qc2 Re8 10. b4 a5 11. b5 c5 12. Rd1 Qe7 13. dxc5 Nxc5 14. Ba3 Be6 15.
Bxc5 dxc5 16. Nd5 Bxd5 17. Bxd5 Rad8 18. e4 b6 19. Nc3 h5 20. Rd3 Bh6 21. Rad1
Kg7 22. Qe2 Rd6 23. Bc6 Red8 24. Bd5 Ne8 25. Rf1 Nc7 26. Rdd1 Ne6 27. Bxe6 fxe6
28. Rxd6 Rxd6 29. Rd1 Rd4 30. Na4 Qd6 31. Rxd4 exd4 32. Nb2 Kh7 33. e5 Qf8 34.
Qe4 Qf5 35. Qxf5 gxf5 36. f4 h4 37. Na4 hxg3 38. hxg3 Bg7 39. Kf2 1-0

[Event "13e Festival CG Meurthe et Moselle"]
[Site "Nancy"]
[Date "2015.02.21"]
[Round "9.2"]
[White "Bauer, Christian"]
[Black "Feller, Sebastien"]
[Result "1/2-1/2"]
[WhiteElo "2700"]
[BlackElo "2660"]
[PlyCount "227"]
[EventDate "2015.02.21"]
[EventType "swiss (blitz)"]
[EventRounds "11"]
[EventCountry "FRA"]

1. b3 d5 2. e3 Nf6 3. Bb2 c6 4. h3 g6 5. Nf3 Bg7 6. c4 O-O 7. Be2 Nbd7 8. O-O
b6 9. d3 Bb7 10. Nbd2 e6 11. Qc2 Rc8 12. Rfc1 c5 13. cxd5 Nxd5 14. a3 Bxb2 15.
Qxb2 Qf6 16. Qc2 e5 17. Ne4 Qe7 18. Qb2 a5 19. Ned2 Rfe8 20. Bf1 f6 21. Rab1
Nf8 22. Nc4 Rcd8 23. e4 Nf4 24. Nxb6 Nxd3 25. Bxd3 Rxd3 26. Qe2 Rdd8 27. Qc4+
Ne6 28. Nd5 Qf7 29. Rd1 Kg7 30. Kh2 Nd4 31. Qxc5 Bxd5 32. exd5 Rxd5 33. Qc3
Nxf3+ 34. Qxf3 e4 35. Qe3 Qd7 36. Rxd5 Qxd5 37. Rc1 Re7 38. Rc5 Qd6+ 39. g3 Qd3
40. Rxa5 Qxe3 41. fxe3 Rd7 42. Ra4 Rd2+ 43. Kg1 f5 44. b4 Rb2 45. Ra5 Rb3 46.
Kf2 Rb2+ 47. Ke1 Kf6 48. b5 g5 49. a4 f4 50. exf4 gxf4 51. gxf4 e3 52. b6 Rxb6
53. Ke2 Rb3 54. Rb5 Ra3 55. a5 Ke6 56. Kf3 Kf6 57. h4 h6 58. h5 Kg7 59. Rb7+
Kf6 60. Rb6+ Kf5 61. a6 e2+ 62. Kxe2 Kxf4 63. Rxh6 Kg5 64. Rc6 Kxh5 65. Kd2 Kg5
66. Kc2 Kf5 67. Kb2 Ra5 68. Kb3 Ke5 69. Kb4 Ra1 70. Kb5 Rb1+ 71. Kc5 Ra1 72.
Kb6 Kd5 73. Rc2 Rb1+ 74. Kc7 Ra1 75. Kb7 Rb1+ 76. Ka7 Kd6 77. Rc8 Kd7 78. Rb8
Ra1 79. Rb2 Kc8 80. Rc2+ Kd7 81. Rc4 Rb1 82. Ka8 Rb2 83. Rc1 Rb3 84. a7 Rb2 85.
Rh1 Kc7 86. Rh7+ Kc8 87. Rh4 Kc7 88. Rh8 Rb1 89. Rb8 Ra1 90. Rb7+ Kc8 91. Rb2
Ra3 92. Rc2+ Kd7 93. Kb7 Rb3+ 94. Ka6 Ra3+ 95. Kb6 Rb3+ 96. Ka6 Ra3+ 97. Kb7
Rb3+ 98. Ka8 Rb1 99. Rc4 Rb2 100. Rh4 Kc7 101. Rh7+ Kc8 102. Rh8+ Kc7 103. Rb8
Ra2 104. Rb4 Ra1 105. Rb3 Kc8 106. Rc3+ Kd7 107. Kb7 Rb1+ 108. Ka6 Ra1+ 109.
Kb6 Rb1+ 110. Kc5 Ra1 111. Rh3 Kc8 112. Kb6 Rb1+ 113. Kc6 Rc1+ 114. Kd6 1/2-1/2

[Event "13e Festival CG Meurthe et Moselle"]
[Site "Nancy"]
[Date "2015.02.21"]
[Round "9.5"]
[White "Devallee, Jeremie"]
[Black "Dobrov, Vladimir"]
[Result "0-1"]
[WhiteElo "2430"]
[BlackElo "2603"]
[PlyCount "64"]
[EventDate "2015.02.21"]
[EventType "swiss (blitz)"]
[EventRounds "11"]
[EventCountry "FRA"]

1. e4 c5 2. d4 cxd4 3. c3 dxc3 4. Nxc3 Nc6 5. Nf3 d6 6. Bc4 e6 7. O-O Nf6 8.
Qe2 Be7 9. Rd1 e5 10. Be3 O-O 11. b4 Bg4 12. a3 Rc8 13. Rac1 a6 14. Ba2 h6 15.
h3 Be6 16. Bxe6 fxe6 17. Qa2 Kf7 18. g4 Nh7 19. Na4 Bf6 20. Bc5 Nd4 21. Nxd4
exd4 22. Bb6 Qd7 23. f4 Qxa4 24. f5 Qd7 25. Rxc8 Rxc8 26. Bxd4 Bxd4+ 27. Rxd4
Qe7 28. Rd3 Nf6 29. Re3 Rc1+ 30. Kg2 Qd7 31. h4 Qc8 32. g5 Rc2+ 0-1

[Event "13e Festival CG Meurthe et Moselle"]
[Site "Nancy"]
[Date "2015.02.21"]
[Round "9.6"]
[White "Shchekachev, Andrei"]
[Black "Savina, Anastasia"]
[Result "1-0"]
[WhiteElo "2600"]
[BlackElo "2354"]
[PlyCount "41"]
[EventDate "2015.02.21"]
[EventType "swiss (blitz)"]
[EventRounds "11"]
[EventCountry "FRA"]

1. Nf3 c5 2. c4 g6 3. e4 Bg7 4. d4 d6 5. Nc3 Bg4 6. d5 Bxc3+ 7. bxc3 Qa5 8. Rb1
Nd7 9. Be2 Bxf3 10. gxf3 Ngf6 11. O-O Qc7 12. Qc2 h5 13. f4 h4 14. Kh1 Nh5 15.
Rg1 O-O-O 16. Bf3 Ndf6 17. Qe2 Ng7 18. f5 Kb8 19. fxg6 fxg6 20. Rxg6 Ngh5 21.
e5 1-0

[Event "13e Festival CG Meurthe et Moselle"]
[Site "Nancy"]
[Date "2015.02.21"]
[Round "9.7"]
[White "Berend, Elvira"]
[Black "Sebag, Marie"]
[Result "1/2-1/2"]
[WhiteElo "2330"]
[BlackElo "2520"]
[PlyCount "90"]
[EventDate "2015.02.21"]
[EventType "swiss (blitz)"]
[EventRounds "11"]
[EventCountry "FRA"]

1. d4 d5 2. Nf3 Nf6 3. e3 c5 4. c3 e6 5. Bd3 Nc6 6. O-O Bd6 7. Nbd2 O-O 8. dxc5
Bxc5 9. e4 a6 10. e5 Nd7 11. Nb3 Be7 12. Bf4 f6 13. exf6 Bxf6 14. Bg3 e5 15.
Bc2 Nb6 16. Qe2 Bg4 17. h3 Bh5 18. Qe3 Nc4 19. Qc1 Bxf3 20. gxf3 Bg5 21. Qb1 h6
22. Bd3 Bf4 23. Bxc4 dxc4 24. Nc5 Bxg3 25. fxg3 Qb6 26. b4 cxb3 27. Qxb3+ Qxb3
28. axb3 Rf7 29. Kg2 Rc8 30. b4 Ne7 31. Rfd1 Nf5 32. Kf2 b6 33. Ne4 a5 34. bxa5
bxa5 35. Rxa5 Re7 36. Rdd5 Rce8 37. g4 Nh4 38. Kg3 Ng6 39. Nd6 Rf8 40. Nf5 Rc7
41. Rdc5 Rd7 42. Rd5 Rc7 43. Rdc5 Rd7 44. Rd5 Rc7 45. Rdc5 Rd7 1/2-1/2

[Event "13e Festival CG Meurthe et Moselle"]
[Site "Nancy"]
[Date "2015.02.21"]
[Round "9.8"]
[White "Yankelevich, Lev"]
[Black "Arun Prasad, S.."]
[Result "1-0"]
[WhiteElo "2206"]
[BlackElo "2486"]
[PlyCount "51"]
[EventDate "2015.02.21"]
[EventType "swiss (blitz)"]
[EventRounds "11"]
[EventCountry "FRA"]

1. e4 c5 2. Nf3 d6 3. d4 cxd4 4. Nxd4 Nf6 5. Nc3 a6 6. h3 e5 7. Nde2 h5 8. Bg5
Be6 9. g3 Nbd7 10. Bg2 Be7 11. O-O Rc8 12. f4 Qb6+ 13. Kh1 Qxb2 14. Rb1 Qa3 15.
Rxb7 Rxc3 16. Nxc3 Qxc3 17. f5 Bc4 18. Rf3 Qa5 19. Bxf6 gxf6 20. Ra7 Qd8 21.
Rc3 Bb5 22. Rcc7 Qb8 23. Kh2 Bd8 24. Rcb7 Qc8 25. Qxd6 Qc6 26. Rxd7 1-0

[Event "13e Festival CG Meurthe et Moselle"]
[Site "Nancy"]
[Date "2015.02.21"]
[Round "9.9"]
[White "Karagyozian, Edgar"]
[Black "Calistri, Tristan"]
[Result "1-0"]
[WhiteElo "2480"]
[BlackElo "2280"]
[PlyCount "53"]
[EventDate "2015.02.21"]
[EventType "swiss (blitz)"]
[EventRounds "11"]
[EventCountry "FRA"]

1. d4 Nf6 2. Nf3 g6 3. Nbd2 c5 4. e3 b6 5. Bd3 Bb7 6. Qe2 Bg7 7. O-O O-O 8. Rd1
d6 9. c3 Nbd7 10. e4 e6 11. e5 dxe5 12. dxe5 Nd5 13. Nc4 Qc7 14. a4 a6 15. Re1
Bc6 16. h4 b5 17. Na3 c4 18. Bc2 h6 19. h5 g5 20. Bb1 Rfd8 21. Nc2 g4 22. Nfd4
Nxe5 23. Nxc6 Nxc6 24. Qxg4 Nf6 25. Qf3 Ne5 26. Qg3 Nxh5 27. Bg5 1-0

[Event "13e Festival CG Meurthe et Moselle"]
[Site "Nancy"]
[Date "2015.02.21"]
[Round "10.1"]
[White "Tkachiev, Vladislav"]
[Black "Feller, Sebastien"]
[Result "1-0"]
[WhiteElo "2600"]
[BlackElo "2660"]
[PlyCount "61"]
[EventDate "2015.02.21"]
[EventType "swiss (blitz)"]
[EventRounds "11"]
[EventCountry "FRA"]

1. Nf3 Nf6 2. g3 g6 3. Bg2 Bg7 4. c4 O-O 5. d4 d6 6. O-O Nbd7 7. Qc2 e5 8. Rd1
Re8 9. Nc3 exd4 10. Nxd4 Nc5 11. e4 Qe7 12. Bg5 c6 13. Qd2 a5 14. Re1 Qc7 15.
Rad1 a4 16. Bh6 Bh8 17. Bf4 Nfd7 18. Nf5 gxf5 19. Bxd6 Qa5 20. Qg5+ Bg7 21.
exf5 Rxe1+ 22. Rxe1 Nf6 23. Qxf6 Bd7 24. Qe7 a3 25. f6 Bf8 26. Qe5 Ne6 27. Qxa5
Rxa5 28. b4 Rf5 29. Be7 Nd4 30. Rd1 c5 31. bxc5 1-0

[Event "13e Festival CG Meurthe et Moselle"]
[Site "Nancy"]
[Date "2015.02.21"]
[Round "10.3"]
[White "Dobrov, Vladimir"]
[Black "Gopal, G.N.."]
[Result "1-0"]
[WhiteElo "2603"]
[BlackElo "2538"]
[PlyCount "94"]
[EventDate "2015.02.21"]
[EventType "swiss (blitz)"]
[EventRounds "11"]
[EventCountry "FRA"]

1. Nf3 c5 2. e4 d6 3. c3 Nf6 4. Be2 g6 5. O-O Bg7 6. Bb5+ Nc6 7. Re1 O-O 8. d4
cxd4 9. cxd4 Bg4 10. Nc3 Bxf3 11. gxf3 Rc8 12. Be3 Nh5 13. Qd2 e5 14. Bxc6 Rxc6
15. Rad1 Qh4 16. Nd5 exd4 17. Bg5 Qh3 18. Ne7+ Kh8 19. Nxc6 bxc6 20. Qd3 c5 21.
Qf1 Qxf3 22. Rd3 Qg4+ 23. Qg2 Qe6 24. b3 f5 25. Bd2 f4 26. Qh3 Qe7 27. f3 Be5
28. Kh1 Ng7 29. Rg1 Qf7 30. Bc1 Ne6 31. Rd2 Qf6 32. Qf1 Qf7 33. Rdg2 Nc7 34.
Rg4 Re8 35. Qh3 Re6 36. Qh4 Re8 37. Rxg6 Ne6 38. R6g4 d3 39. Qh3 Nd4 40. Bb2 d2
41. Rd1 Nc2 42. Bxe5+ dxe5 43. Rxd2 Ne3 44. Rg1 c4 45. Rd7 Re7 46. Rxe7 Qxe7
47. Qc8+ Qd8 1-0

[Event "13e Festival CG Meurthe et Moselle"]
[Site "Nancy"]
[Date "2015.02.21"]
[Round "10.4"]
[White "Karagyozian, Edgar"]
[Black "Bauer, Christian"]
[Result "0-1"]
[WhiteElo "2480"]
[BlackElo "2700"]
[PlyCount "138"]
[EventDate "2015.02.21"]
[EventType "swiss (blitz)"]
[EventRounds "11"]
[EventCountry "FRA"]

1. d4 d6 2. Nf3 g6 3. e4 Nf6 4. Bd3 Bg7 5. O-O O-O 6. Qe2 Bg4 7. h3 Bxf3 8.
Qxf3 Nc6 9. c3 e5 10. d5 Ne7 11. Qe2 Nh5 12. g3 Qe8 13. g4 Nf4 14. Bxf4 exf4
15. Qf3 g5 16. Qg2 Ng6 17. f3 c6 18. dxc6 bxc6 19. Nd2 Rb8 20. Rab1 Rb7 21. Nc4
Qe7 22. Bc2 d5 23. Nd2 d4 24. cxd4 Bxd4+ 25. Kh2 Bxb2 26. Bb3 Bd4 27. Nc4 Kg7
28. Rbc1 c5 29. Qc2 Nh4 30. Qe2 Rd8 31. Rcd1 Rbd7 32. Na5 Rd6 33. Qc2 h5 34.
gxh5 Rh8 35. Bd5 Rxh5 36. Nc6 Rxc6 37. Rxd4 Rch6 38. Rd2 Ng6 39. Kg1 Rxh3 40.
Rg2 Qe5 41. Qd2 Rg3 42. Bb3 Qd4+ 43. Qxd4+ cxd4 44. Rd1 Rxg2+ 45. Kxg2 Nh4+ 46.
Kf2 Rd6 47. Bd5 Rb6 48. Rd2 Kf6 49. a4 a5 50. Bc4 Ke5 51. Bb5 Rd6 52. Rc2 d3
53. Rd2 f5 54. exf5 Nxf5 55. Rxd3 Rxd3 56. Bxd3 Ne3 57. Ke2 Kd4 58. Bg6 Nc4 59.
Kf2 Kc3 60. Kg2 Kb4 61. Be8 Nb6 62. Kh3 Nxa4 63. Kg4 Nc3 64. Kxg5 Ne2 65. Kf5
a4 66. Ke4 a3 67. Bf7 Kc3 68. Bg8 Kb2 69. Kd3 Nc1+ 0-1

[Event "13e Festival CG Meurthe et Moselle"]
[Site "Nancy"]
[Date "2015.02.21"]
[Round "10.5"]
[White "Minko, Vladimir"]
[Black "Shchekachev, Andrei"]
[Result "0-1"]
[WhiteElo "2180"]
[BlackElo "2600"]
[PlyCount "86"]
[EventDate "2015.02.21"]
[EventType "swiss (blitz)"]
[EventRounds "11"]
[EventCountry "FRA"]

1. d4 g6 2. c4 Bg7 3. Nf3 c5 4. d5 d6 5. g3 e5 6. Bg2 h6 7. Nc3 f5 8. e4 Ne7 9.
exf5 gxf5 10. O-O Nd7 11. Ne1 Nf6 12. Nd3 Ng6 13. b4 b6 14. bxc5 bxc5 15. Qa4+
Bd7 16. Qa6 Qb6 17. Qxb6 axb6 18. Rb1 Ra6 19. Bd2 Kd8 20. Rb3 Kc7 21. Rfb1 e4
22. Nf4 Nxf4 23. Bxf4 Ng4 24. Nb5+ Bxb5 25. Rxb5 Bd4 26. Bh3 Nxf2 27. Bxf5 Nh3+
28. Kh1 Nxf4 29. gxf4 Rf8 30. Bxe4 Rxf4 31. Bg2 Be5 32. R5b3 Rh4 33. h3 Rf4 34.
Rf3 Rxf3 35. Bxf3 Rxa2 36. Rc1 b5 37. cxb5 Kb6 38. Bg4 Kxb5 39. Kg1 c4 40. Kf1
c3 41. Be2+ Kc5 42. Rd1 c2 43. Rc1 Bf4 0-1

[Event "13e Festival CG Meurthe et Moselle"]
[Site "Nancy"]
[Date "2015.02.21"]
[Round "10.6"]
[White "Haub, Thorsten"]
[Black "Yankelevich, Lev"]
[Result "1-0"]
[WhiteElo "2478"]
[BlackElo "2206"]
[PlyCount "79"]
[EventDate "2015.02.21"]
[EventType "swiss (blitz)"]
[EventRounds "11"]
[EventCountry "FRA"]

1. e4 c5 2. b4 d5 3. exd5 cxb4 4. a3 Qxd5 5. Nf3 Bg4 6. axb4 Bxf3 7. Qxf3 Qxf3
8. gxf3 e5 9. b5 Nf6 10. Bg2 Nbd7 11. f4 e4 12. Nc3 Nc5 13. f3 exf3 14. Bxf3
Kd7 15. O-O Kc7 16. f5 Bd6 17. d4 Ncd7 18. b6+ Nxb6 19. Nb5+ Kd7 20. Bxb7 Rae8
21. Rxa7 Bb8 22. Ra6 Bc7 23. Bg2 Nfd5 24. c4 Ne3 25. Bxe3 Rxe3 26. Ra7 Rc8 27.
c5 Nc4 28. d5 Re2 29. d6 Ne3 30. Bf3 Rb2 31. c6+ Kd8 32. dxc7+ Ke7 33. Re1 Rxb5
34. Rxe3+ Kf6 35. Rd3 Re8 36. Ra1 Rc8 37. Rd7 Rb3 38. Bd5 Rc3 39. Ra7 Ke5 40.
Rd8 1-0